Tilastot visalle Yleistieto #10

Klikkaa tästä pelataksesi tätä visaa!

Yleistilastot

  • Tätä visaa on pelattu 1 006 kertaa
  • Keskiarvotulos 10 / 16

Vastaustilastot

VinkkiVastaus% Oikein
Missä kaupungissa on "Pieni Merenneito" patsas?Kööpenhaminassa
86%
Mikä on Etelä-Amerikan pisin joki?Amazon
80%
Missä maassa ruuti keksittiin?Kiinassa
79%
Millä nimellä kutsutaan islamin paastokuukautta?Ramadan
79%
Kuka on ylijumala suomalaisessa mytologiassa?Ukko
76%
Mikä on Kanadan suurin kaupunki?Toronto
73%
Minkä yhtyeen hitti on " Let It Be"?The Beatlesin
71%
Minkä kaupungin kaupunginosia ovat Raunistula ja Kupittaa?Turun
69%
Kenen hitti on "R-A-K-A-S"?Tapani Kansan
66%
Missä kaupungissa järjestetään kesäolympialaiset 2020?Tokiossa
62%
Mikä eläin on Ursus Arctos?Karhu
57%
Kenen kanssa Kate Middleton on naimisissa?Prinssi Williamin
48%
Kuka oli Venäjän ensimmäinen presidentti?Boris Jeltsin
39%
Mikä on Sisilian suurin kaupunki?Palermo
34%
Mitä kaupunkivaltiosta Medici-suku hallitsi?Firenzeä
25%
Kuka on maalannut "Venuksen Syntymä":n?Sandro Botticelli
15%

Tulosjakauma

Persentiili vastausten määrän mukaan

Jokaisen tuloksen saaneiden osuus

Tuloshistoriasi

Et ole pelannut tätä visaa